| 000 | 00738cam a2200229 a 4500 | ||
|---|---|---|---|
| 001 | 000002850 | ||
| 005 | 20260417112310.0 | ||
| 008 | 760630s1975 sp 001 0 spa | ||
| 020 | _a8432505307 | ||
| 040 |
_aDO-SdBNP _bspa _cBNPHU |
||
| 082 |
_a155.5 _bR763c |
||
| 100 | 1 |
_aRomero Rubio, Andrés _99033 |
|
| 245 | 1 | 0 |
_aCódigo ético : _bmedios de comunicación infantiles y juveniles / _cAndrés Romero Rubio. |
| 260 |
_aMadrid : _bDoncel, _c1975. |
||
| 300 |
_a390 p. ; _c18 cm. |
||
| 490 | 1 |
_aVeritas et libertas _v2 |
|
| 650 | 0 |
_aPsicología del adolescente _99034 |
|
| 650 | 0 |
_aPsicología infantil _92718 |
|
| 650 | 0 |
_aÉtica _9509 |
|
| 650 | 4 |
_aComunicación _xAspectos sociales _91659 |
|
| 830 | 0 |
_aVeritas et libertas ; _v2 _99035 |
|
| 999 |
_c2684 _d2684 |
||